Normal view
MARC view
- WEB DESIGN
Entry Topical Term
001 - CONTROL NUMBER
- control field: 77620
003 - CONTROL NUMBER IDENTIFIER
- control field: NUST
005 - DATE AND TIME OF LATEST TRANSACTION
- control field: 20210628205941.0
008 - FIXED-LENGTH DATA ELEMENTS
- fixed length control field: 210628|| aca||aabn | a|a d
040 ## - CATALOGING SOURCE
- Original cataloging agency: NUST
- Transcribing agency: NUST
150 ## - HEADING--TOPICAL TERM
- Topical term or geographic name entry element: WEB DESIGN
670 ## - SOURCE DATA FOUND
- Source citation: Work cat.: (NUST): Sullivan-Trainor, Michael 77619, Web master strategies, 1996
